| 000 | 00519nam a2200193Ia 4500 | ||
|---|---|---|---|
| 003 | GCL | ||
| 008 | 140319s9999 xx 000 0 eng d | ||
| 040 |
_aGCL / _cGCL |
||
| 082 | 0 | 4 |
_a581.2 _bP A |
| 100 | 1 | _aPANDEY, B.P. | |
| 245 | 1 | 0 |
_aA TEXT BOOK OF PLANT PATHOLOGY PATHOGEN AND PLANT DISEASE / _cPANDEY, B.P. |
| 260 |
_a[S.N] : _bS. CHAND & COMPANY LTD ، _c1994 |
||
| 300 | _a532 P | ||
| 650 | 0 | 4 | _aBACTERIA |
| 650 | 0 | 4 | _aBOTANY |
| 650 | 0 | 4 | _aPLANT - DISEASES |
| 650 | 0 | 4 | _aPLANT - PATHOLOGY |
| 942 |
_2ddc _cBK |
||
| 999 |
_c20074 _d20074 |
||